000 00333nam a2200145Ia 4500
008 191201s2011 xx 000 0 und d
082 _a658.8
_bMAM
100 _aMADAN,Pankaj
245 0 _aMarketing Management
250 _aRep
260 _aN. Delhi
_bGlobal Vision Pub
_c2011
300 _a616
650 _aBBA
942 _2ddc
_cBK
999 _c4973
_d4973